000 00844cam a2200253 a 4500
001 000018473
005 20200929165818.0
008 100510s1943 sp 000 0 spa d
040 _aDO-SdBNP
_bspa
_cBNPHU
082 _a252
_bV393s
100 1 _aVázquez, Dionisio,
_d1479-1539
_939968
245 1 0 _aSermones /
_cFray Dionisio Vázquez ; prólogo y notas de Félix G. Olmedo.
260 _aMadrid :
_bEspasa-Calpe,
_c1943.
300 _a142 p. ;
_c18 cm.
490 1 _aClásicos castellanos
_v123
504 _aIncluye notas y referencias bibliográficas al pie de las páginas.
650 4 _aSermones
_96631
650 4 _aSermones de adviento
_939969
650 4 _aIglesia católica
_zEspaña
_939970
700 1 _aG. Olmedo, P. Félix,
_epról.
_939971
830 0 _aClásicos castellanos ;
_v123
_94180
910 _aWM
049 _aBNGR
999 _c17993
_d17993